000 01196nam a2200301 u 4500
001
003 DO-SdBNP
005 20210824122147.0
008 090727s1999 dr r 000 0 spa d
020 _z8489955318-X
040 _aDO-SdBNP
_bspa
_cBPMSU
082 _a346.082
_bR457a 1999
_222
100 1 _aReyes Sánchez, Miguel
_d1966-
245 1 0 _aLa autonomía legal de los bancos centrales /
_cMiguel Reyes Sánchez ; editor Frank Moya Pons.
_b
246 1 4 _aLa autonomía legal de los bancos centrales :
_bestudio comparativo de las legislaciones orgánicas de los Bancos Centrales de Iberoamérica /
260 _aSanto Domingo :
_bBanco Central de la República Dominicana,
_c1999.
300 _a645 p. ;
_c23 cm.
500 _aIncluye datos biográficos del autor en las solapas
504 _aBibliografía: p. 615-645
590 _aInventariado, 2021/VM
650 4 _aBancos centrales
_zAmérica Latina
650 4 _aLegislacion de los bancos centrales
_zAmérica Latina.
_x
650 4 _a Derecho bancario.
650 4 _aLegislacion de los bancos centrales
_zAmérica Latina
_vEstudio de casos.
700 1 _a Moya Pons, Frank
_eed.
910 _aVMateo V
942 _2ddc
_cBK
999 _c13680
_d13680